[Event "Madrid ch 2022-2023 Semifinal"]
[Site "Madrid ESP"]
[Date "2023.05.06"]
[Round "4.15"]
[White "Lazaro Azcutia, Miguel"]
[Black "Cardena Contreras, Javier"]
[Result "1-0"]
[WhiteElo "1953"]
[BlackElo "1819"]
[PlyCount "80"]
[EventDate "2023.05.03"]
[EventType "swiss"]
[EventRounds "9"]
[EventCountry "ESP"]
[SourceTitle "Ajedrez en Madrid"]
[Source "lmi"]
[SourceDate "2023.05.03"]
[SourceVersion "1"]
[SourceVersionDate "2023.05.10"]
[SourceQuality "1"]

1. e4 c5 2. Nf3 Nf6 3. Nc3 d5 4. exd5 Nxd5 5. Bb5+ Bd7 6. Ne5 Nf6 7. Qf3 Qc7 8.
Nxd7 Nbxd7 9. d3 e6 10. Bf4 Bd6 11. Bxd6 Qxd6 12. Qxb7 O-O 13. O-O Rab8 14. Qf3
Ne5 15. Qg3 Qd4 16. Rab1 Nd5 17. Ne2 Qg4 18. Qxe5 Rxb5 19. c4 Rb6 20. h3 f6 21.
hxg4 fxe5 22. cxd5 exd5 23. b3 Rfb8 24. Rbc1 Rc6 25. Nc3 Rd8 26. Rc2 c4 27. Na4
Rdc8 28. Rfc1 Ra6 29. dxc4 d4 30. Re1 Re6 31. Rd2 Rd8 32. Re4 Kf7 33. Nb2 Kf6
34. Rde2 d3 35. Rd2 Ra6 36. Nd1 g6 37. Ne3 h5 38. Nd5+ Kg5 39. Rxe5+ Kxg4 40.
Rxd3 Rad6 1-0

[Event "Madrid ch 2022-2023 Semifinal"]
[Site "Madrid ESP"]
[Date "2023.05.06"]
[Round "4.16"]
[White "Fernandez Garcia, Ignacio"]
[Black "Ruiz Bellon, Manuel"]
[Result "0-1"]
[WhiteElo "1840"]
[BlackElo "1944"]
[PlyCount "132"]
[EventDate "2023.05.03"]
[EventType "swiss"]
[EventRounds "9"]
[EventCountry "ESP"]
[SourceTitle "Ajedrez en Madrid"]
[Source "lmi"]
[SourceDate "2023.05.03"]
[SourceVersion "1"]
[SourceVersionDate "2023.05.10"]
[SourceQuality "1"]

1. e4 c6 2. Nc3 d5 3. exd5 cxd5 4. Bb5+ Nc6 5. Nf3 Bg4 6. d4 e6 7. a3 Nf6 8. h3
Bh5 9. g4 Bg6 10. Ne5 Qc7 11. Qe2 Bd6 12. g5 Ne4 13. Nxe4 Bxe4 14. f3 Bxe5 15.
dxe5 Bf5 16. Be3 Qxe5 17. c3 O-O 18. Bxc6 bxc6 19. Bc5 Qg3+ 20. Qf2 Qe5+ 21.
Qe2 Qxe2+ 22. Kxe2 Rfe8 23. Kf2 e5 24. Rae1 f6 25. gxf6 gxf6 26. h4 Kf7 27.
Rhg1 a5 28. Ra1 a4 29. Rad1 Rab8 30. Rd2 Rb5 31. Be3 Reb8 32. Bh6 Rxb2 33. Rg7+
Ke6 34. Ra7 Rxd2+ 35. Bxd2 Rb2 36. Ke1 Bc2 37. Rc7 Kd6 38. Rf7 f5 39. Rxh7 f4
40. Rh6+ Kd7 41. Rh5 Ke6 42. Rh6+ Kf5 43. Rh5+ Ke6 44. Rh6+ Kd7 45. Rh5 e4 46.
fxe4 Bxe4 47. Bxf4 Rb3 48. c4 Rxa3 49. cxd5 cxd5 50. Rh6 Rh3 51. Rd6+ Ke7 52.
Ra6 Kf7 53. Rxa4 Rxh4 54. Be3 Ke6 55. Bd4 Bd3 56. Rb4 Bc4 57. Rb6+ Kf5 58. Bc5
Ke4 59. Kd2 d4 60. Bd6 Rg4 61. Bb4 Rg2+ 62. Kd1 Kd3 63. Be1 Ra2 64. Rb1 Bd5 65.
Bg3 Rg2 66. Be1 Bf3+ 0-1

[Event "Madrid ch 2022-2023 Semifinal"]
[Site "Madrid ESP"]
[Date "2023.05.06"]
[Round "4.17"]
[White "Lopez Herrero, Israel"]
[Black "Baeza Escudero, Javier"]
[Result "1-0"]
[WhiteElo "1792"]
[BlackElo "1906"]
[PlyCount "63"]
[EventDate "2023.05.03"]
[EventType "swiss"]
[EventRounds "9"]
[EventCountry "ESP"]
[SourceTitle "Ajedrez en Madrid"]
[Source "lmi"]
[SourceDate "2023.05.03"]
[SourceVersion "1"]
[SourceVersionDate "2023.05.10"]
[SourceQuality "1"]

1. e4 g6 2. d4 Bg7 3. Nc3 d6 4. Nf3 a6 5. Be3 b5 6. Qd2 Bb7 7. Bd3 Nd7 8. Ne2
c5 9. c3 c4 10. Bc2 Ndf6 11. Ng3 Ng4 12. O-O Nxe3 13. Qxe3 Nf6 14. Rfd1 O-O 15.
b3 cxb3 16. Bxb3 e6 17. a4 bxa4 18. Rxa4 Qc7 19. c4 Rfc8 20. e5 Nd7 21. exd6
Qxd6 22. c5 Qc7 23. Ne4 Bxe4 24. Qxe4 e5 25. Ng5 Rf8 26. Nxf7 Rab8 27. Nxe5+
Rxb3 28. Qd5+ Kh8 29. Nxd7 Rd3 30. Rxd3 Qf4 31. Qf3 Re8 32. Ra1 1-0

[Event "Madrid ch 2022-2023 Semifinal"]
[Site "Madrid ESP"]
[Date "2023.05.06"]
[Round "4.18"]
[White "Vinas Lopez, Carlos"]
[Black "Sanchez Rodriguez, Jaime"]
[Result "1/2-1/2"]
[WhiteElo "1874"]
[BlackElo "1839"]
[PlyCount "61"]
[EventDate "2023.05.03"]
[EventType "swiss"]
[EventRounds "9"]
[EventCountry "ESP"]
[SourceTitle "Ajedrez en Madrid"]
[Source "lmi"]
[SourceDate "2023.05.03"]
[SourceVersion "1"]
[SourceVersionDate "2023.05.10"]
[SourceQuality "1"]

1. d4 d5 2. Nf3 e6 3. g3 f5 4. Bg2 Nf6 5. O-O Bd6 6. c4 c6 7. Nbd2 Nbd7 8. Qc2
Ne4 9. Ne1 Qf6 10. Ndf3 O-O 11. Nd3 g5 12. b3 h5 13. Bb2 h4 14. Nfe5 Qh6 15.
Nxd7 Bxd7 16. Bxe4 fxe4 17. Ne5 Bxe5 18. dxe5 Rf7 19. Qc3 g4 20. gxh4 Qxh4 21.
Qg3 Qxg3+ 22. fxg3 Raf8 23. Ba3 Rxf1+ 24. Rxf1 Rxf1+ 25. Kxf1 b6 26. c5 Kf7 27.
b4 Ke7 28. Bb2 Be8 29. Kf2 Bg6 30. Ke3 Bf5 31. Bd4 1/2-1/2

[Event "Madrid ch 2022-2023 Semifinal"]
[Site "Madrid ESP"]
[Date "2023.05.06"]
[Round "4.19"]
[White "Sprenger de la Iglesia, Yevgeni"]
[Black "Marin Aso, Jose Luis"]
[Result "0-1"]
[WhiteElo "1807"]
[BlackElo "1864"]
[PlyCount "65"]
[EventDate "2023.05.03"]
[EventType "swiss"]
[EventRounds "9"]
[EventCountry "ESP"]
[SourceTitle "Ajedrez en Madrid"]
[Source "lmi"]
[SourceDate "2023.05.03"]
[SourceVersion "1"]
[SourceVersionDate "2023.05.10"]
[SourceQuality "1"]

1. d4 Nf6 2. c4 g6 3. Nc3 Bg7 4. e4 d6 5. Nf3 O-O 6. Be2 e5 7. Be3 Ng4 8. Bg5
f6 9. Bc1 Nc6 10. d5 Ne7 11. h3 Nh6 12. g4 c6 13. Be3 Bd7 14. Qd2 Nf7 15. dxc6
bxc6 16. c5 d5 17. exd5 cxd5 18. Nxd5 Nxd5 19. Qxd5 Qc7 20. O-O Bc6 21. Qd2 f5
22. gxf5 gxf5 23. Ng5 f4 24. Ne6 Qe7 25. Nxf8 fxe3 26. Qxe3 Rxf8 27. b4 Bh6 28.
Qg3+ Kh8 29. Bg4 Bf4 30. Qd3 Rg8 31. Qf5 Bd7 32. Qh5 Rg5 33. Qxg5 0-1

[Event "Madrid ch 2022-2023 Semifinal"]
[Site "Madrid ESP"]
[Date "2023.05.06"]
[Round "4.20"]
[White "Mota Cossio, Alberto"]
[Black "Vazquez Gonzalez, Jesus"]
[Result "1-0"]
[WhiteElo "2087"]
[BlackElo "1905"]
[PlyCount "67"]
[EventDate "2023.05.03"]
[EventType "swiss"]
[EventRounds "9"]
[EventCountry "ESP"]
[SourceTitle "Ajedrez en Madrid"]
[Source "lmi"]
[SourceDate "2023.05.03"]
[SourceVersion "1"]
[SourceVersionDate "2023.05.10"]
[SourceQuality "1"]

1. e4 c5 2. Nf3 a6 3. c3 d5 4. exd5 Qxd5 5. d4 Bg4 6. Be2 e6 7. O-O Nc6 8. c4
Qd7 9. d5 exd5 10. cxd5 Bxf3 11. Bxf3 Nd4 12. Re1+ Be7 13. Bf4 Kf8 14. Be3 Bf6
15. Nc3 Re8 16. Bg4 Qd8 17. Qd2 h5 18. Bf3 Ne7 19. Be4 b6 20. Bf4 Nc8 21. Bd3
b5 22. Rxe8+ Kxe8 23. Re1+ Kf8 24. Ne4 Be7 25. d6 Bxd6 26. Bxd6+ Nxd6 27. Nxc5
Rh6 28. Qf4 Ne8 29. Re4 Rd6 30. Rxd4 Rxd4 31. Ne6+ Kg8 32. Nxd4 g5 33. Qe3 Nd6
34. h3 1-0

[Event "Madrid ch 2022-2023 Semifinal"]
[Site "Madrid ESP"]
[Date "2023.05.06"]
[Round "4.21"]
[White "Roquero Redondo, Miguel"]
[Black "Garcia Galeote, Lorenzo"]
[Result "1/2-1/2"]
[WhiteElo "1936"]
[BlackElo "1855"]
[PlyCount "127"]
[EventDate "2023.05.03"]
[EventType "swiss"]
[EventRounds "9"]
[EventCountry "ESP"]
[SourceTitle "Ajedrez en Madrid"]
[Source "lmi"]
[SourceDate "2023.05.03"]
[SourceVersion "1"]
[SourceVersionDate "2023.05.10"]
[SourceQuality "1"]

1. e4 b6 2. d4 Bb7 3. Bd3 Nf6 4. Qe2 Nc6 5. c3 e5 6. d5 Ne7 7. Nf3 Ng6 8. a4 a5
9. Be3 Bc5 10. O-O O-O 11. Nbd2 c6 12. dxc6 Bxc6 13. g3 d6 14. Rfd1 Qc7 15. h3
h6 16. Bxc5 dxc5 17. Bb5 Rad8 18. Re1 Bd7 19. Kh2 Be6 20. Nc4 Bxc4 21. Bxc4 Rd6
22. b3 Rfd8 23. Ra2 Qd7 24. Bb5 Qb7 25. Nd2 Rf8 26. Nc4 Rdd8 27. f3 Qc7 28. Ne3
Ne7 29. Rc2 Ne8 30. Rd1 Nd6 31. Rcd2 Nxb5 32. axb5 f6 33. Nc4 Nc8 34. Rd3 Kf7
35. Qd2 Rxd3 36. Qxd3 Re8 37. Qd5+ Kf8 38. h4 Na7 39. Ne3 Nxb5 40. Qd3 Na7 41.
Nf5 Nc8 42. h5 Ne7 43. Ne3 Nc6 44. Nd5 Qf7 45. g4 Rd8 46. Qb5 Ne7 47. Qxb6 Rc8
48. Qxa5 Nxd5 49. Rxd5 Qe7 50. Qb6 Qc7 51. Qe6 Re8 52. Qa6 Rd8 53. Qd3 Rxd5 54.
Qxd5 Qb6 55. Qc4 Qd6 56. Kg3 Ke7 57. b4 cxb4 58. Qxb4 Qxb4 59. cxb4 Kd6 60. Kf2
Kc6 61. Ke3 Kb5 62. Kd3 Kxb4 63. Kd2 Kc4 64. Kc2 1/2-1/2

[Event "Madrid ch 2022-2023 Semifinal"]
[Site "Madrid ESP"]
[Date "2023.05.06"]
[Round "4.22"]
[White "Gaibor Gallardo, Gonzalo"]
[Black "Marin Lopez, Jeronimo"]
[Result "1-0"]
[WhiteElo "1923"]
[BlackElo "1874"]
[PlyCount "57"]
[EventDate "2023.05.03"]
[EventType "swiss"]
[EventRounds "9"]
[EventCountry "ESP"]
[SourceTitle "Ajedrez en Madrid"]
[Source "lmi"]
[SourceDate "2023.05.03"]
[SourceVersion "1"]
[SourceVersionDate "2023.05.10"]
[SourceQuality "1"]

1. d4 d6 2. Nf3 g6 3. c4 Bg7 4. Nc3 Nf6 5. e4 O-O 6. Be2 e5 7. Be3 Ng4 8. Bg5
f6 9. Bd2 exd4 10. Nxd4 Ne5 11. O-O Nbc6 12. Nc2 Be6 13. Nd5 f5 14. exf5 Bxf5
15. Bc3 Qd7 16. Nce3 g5 17. b4 Be6 18. Rc1 Rae8 19. Qc2 Ne7 20. Rfd1 N7g6 21.
b5 b6 22. Bh5 Bf7 23. Nf5 Bxd5 24. Nxg7 Bf3 25. Bxf3 Rxf3 26. Nxe8 Qg4 27. Bxe5
Nxe5 28. Re1 Nd3 29. Nf6+ 1-0

[Event "Madrid ch 2022-2023 Semifinal"]
[Site "Madrid ESP"]
[Date "2023.05.06"]
[Round "4.23"]
[White "Vukotic Jovsic, Dragan"]
[Black "Palomo Monserrat, Lorenzo"]
[Result "1-0"]
[WhiteElo "1836"]
[BlackElo "1929"]
[PlyCount "63"]
[EventDate "2023.05.03"]
[EventType "swiss"]
[EventRounds "9"]
[EventCountry "ESP"]
[SourceTitle "Ajedrez en Madrid"]
[Source "lmi"]
[SourceDate "2023.05.03"]
[SourceVersion "1"]
[SourceVersionDate "2023.05.10"]
[SourceQuality "1"]

1. d4 d5 2. Nf3 Nf6 3. Bf4 e6 4. e3 Bd6 5. Bg3 O-O 6. Bd3 b6 7. Nbd2 Bb7 8. Ne5
c5 9. c3 Nc6 10. O-O Nxd4 11. exd4 Qc7 12. f4 g6 13. Bh4 Ne8 14. Qg4 a5 15. Rf3
Ba6 16. Bxa6 Rxa6 17. Raf1 Ng7 18. Qh3 f6 19. Ng4 Nh5 20. Nxf6+ Nxf6 21. Qxe6+
Kg7 22. Bxf6+ Rxf6 23. Qxd5 Rxf4 24. g3 Rxf3 25. Rxf3 Ra8 26. Ne4 Rd8 27. Ng5
Kh6 28. Qe4 Rh8 29. Qh4+ Kg7 30. Ne6+ Kg8 31. Nxc7 Bxc7 32. Qf6 1-0

[Event "Madrid ch 2022-2023 Semifinal"]
[Site "Madrid ESP"]
[Date "2023.05.07"]
[Round "5.1"]
[White "Martinez Fernandez, Raul"]
[Black "Rey Martinez, Jaime"]
[Result "1/2-1/2"]
[WhiteElo "2190"]
[BlackElo "2217"]
[PlyCount "78"]
[EventDate "2023.05.03"]
[EventType "swiss"]
[EventRounds "9"]
[EventCountry "ESP"]
[SourceTitle "Ajedrez en Madrid"]
[Source "lmi"]
[SourceDate "2023.05.03"]
[SourceVersion "1"]
[SourceVersionDate "2023.05.10"]
[SourceQuality "1"]

1. e4 c5 2. Nf3 Nc6 3. d4 cxd4 4. Nxd4 g6 5. c4 Nf6 6. Nc3 d6 7. Be2 Nxd4 8.
Qxd4 Bg7 9. Be3 O-O 10. Qd3 Be6 11. Bd4 a5 12. O-O a4 13. f4 Qa5 14. f5 Bd7 15.
g4 Bc6 16. g5 Nd7 17. Bxg7 Kxg7 18. Qh3 Qe5 19. Rf3 Kg8 20. Raf1 Nc5 21. Qh6
Qg7 22. Qh4 Qd4+ 23. R1f2 Nxe4 24. f6 exf6 25. gxf6 h5 26. Bd3 Rfe8 27. Bxe4
Rxe4 28. Nxe4 Bxe4 29. Qf4 Kh7 30. Re3 Re8 31. Re1 Re5 32. b3 axb3 33. axb3 d5
34. Qe3 Qxe3 35. Rxe3 d4 36. Rg3 Bf5 37. Rd2 d3 38. Rgxd3 Bxd3 39. Rxd3 Re1+
1/2-1/2

[Event "Madrid ch 2022-2023 Semifinal"]
[Site "Madrid ESP"]
[Date "2023.05.07"]
[Round "5.2"]
[White "Fernandez Rosado, Roberto"]
[Black "Torres Boch, Jose Francisco"]
[Result "0-1"]
[WhiteElo "2126"]
[BlackElo "2139"]
[PlyCount "110"]
[EventDate "2023.05.03"]
[EventType "swiss"]
[EventRounds "9"]
[EventCountry "ESP"]
[SourceTitle "Ajedrez en Madrid"]
[Source "lmi"]
[SourceDate "2023.05.03"]
[SourceVersion "1"]
[SourceVersionDate "2023.05.10"]
[SourceQuality "1"]

1. e4 c5 2. Nf3 d6 3. d4 cxd4 4. Nxd4 Nf6 5. Nc3 a6 6. Bg5 e6 7. f4 Be7 8. Qf3
Qc7 9. O-O-O Nbd7 10. g4 h6 11. Bxf6 Bxf6 12. f5 Ne5 13. Qg3 Bd7 14. h4 O-O-O
15. Be2 Nc4 16. Qd3 b5 17. a4 Qa5 18. Qg3 Be5 19. Qf3 Qb4 20. Bxc4 bxc4 21.
fxe6 fxe6 22. Qe3 Qb6 23. Nf5 Qxe3+ 24. Nxe3 Bf4 25. Rhe1 Bc6 26. Kb1 Bxe3 27.
Rxe3 Rhf8 28. Rd4 Rf4 29. Rxc4 Kd7 30. Rg3 d5 31. Rc5 dxe4 32. Ra5 Bb7 33. h5
Ke7 34. g5 Rf3 35. Rg1 Rdf8 36. gxh6 Rf1+ 37. Rxf1 Rxf1+ 38. Ka2 gxh6 39. b4
Rf5 40. Kb3 Rxa5 41. bxa5 Bd5+ 42. Kb4 Kd6 43. Nd1 Bc6 44. Ne3 Be8 45. Kc4 Bxh5
46. Kd4 Bg6 47. Nc4+ Kc7 48. Ne5 e3 49. Kxe3 Bxc2 50. Kf4 Bxa4 51. Ng4 h5 52.
Nf6 Bd1 53. Ke5 Bg4 54. Kf4 Kc6 55. Ke4 Bf5+ 0-1

[Event "Madrid ch 2022-2023 Semifinal"]
[Site "Madrid ESP"]
[Date "2023.05.07"]
[Round "5.3"]
[White "Horcajuelo Rocamora, Martin"]
[Black "Barraza Caracuel, Ignacio"]
[Result "1-0"]
[WhiteElo "2274"]
[BlackElo "2042"]
[PlyCount "59"]
[EventDate "2023.05.03"]
[EventType "swiss"]
[EventRounds "9"]
[EventCountry "ESP"]
[SourceTitle "Ajedrez en Madrid"]
[Source "lmi"]
[SourceDate "2023.05.03"]
[SourceVersion "1"]
[SourceVersionDate "2023.05.10"]
[SourceQuality "1"]

1. d4 Nf6 2. c4 e6 3. Nf3 d5 4. Nc3 Bb4 5. Qa4+ Nc6 6. e3 Bd7 7. Qc2 O-O 8. Bd2
Bxc3 9. Bxc3 Ne4 10. Bd3 f5 11. Qb3 Be8 12. h4 Rb8 13. h5 Bf7 14. h6 g5 15. Qc2
Bg6 16. b4 g4 17. Nh4 g3 18. f4 Nf2 19. Kd2 Nxh1 20. Rxh1 Bf7 21. cxd5 Qxd5 22.
Rh3 Bg6 23. b5 Ne7 24. Rxg3 Kf7 25. Bb4 c6 26. Nf3 cxb5 27. Ne5+ Kf6 28. Bxe7+
Kxe7 29. Qc7+ Kf6 30. Qg7# 1-0

[Event "Madrid ch 2022-2023 Semifinal"]
[Site "Madrid ESP"]
[Date "2023.05.07"]
[Round "5.4"]
[White "Rodriguez Avila, Alvaro"]
[Black "De La Puerta Cresis, Javier"]
[Result "1/2-1/2"]
[WhiteElo "2114"]
[BlackElo "2138"]
[PlyCount "62"]
[EventDate "2023.05.03"]
[EventType "swiss"]
[EventRounds "9"]
[EventCountry "ESP"]
[SourceTitle "Ajedrez en Madrid"]
[Source "lmi"]
[SourceDate "2023.05.03"]
[SourceVersion "1"]
[SourceVersionDate "2023.05.10"]
[SourceQuality "1"]

1. e4 c5 2. Nf3 d6 3. d4 cxd4 4. Nxd4 Nf6 5. Nc3 a6 6. Bg5 Nbd7 7. Bc4 Qb6 8.
Bb3 e6 9. Qd2 Be7 10. O-O-O Nc5 11. Rhe1 Qc7 12. Kb1 b5 13. a3 Rb8 14. Ba2 O-O
15. f4 h6 16. Bxf6 Bxf6 17. g4 b4 18. axb4 Rxb4 19. Nd5 exd5 20. Qxb4 Bxg4 21.
Bxd5 Rb8 22. Qc4 Bxd1 23. Rxd1 a5 24. e5 Rb4 25. Bxf7+ Kh8 26. Qd5 dxe5 27. Nc6
Rxf4 28. Nxe5 Rb4 29. Ng6+ Kh7 30. Nf8+ Kh8 31. Ng6+ Kh7 1/2-1/2

[Event "Madrid ch 2022-2023 Semifinal"]
[Site "Madrid ESP"]
[Date "2023.05.07"]
[Round "5.5"]
[White "Torres Rebolledo, Alvaro"]
[Black "Nunez Miranda, Adrian"]
[Result "1-0"]
[WhiteElo "2082"]
[BlackElo "2127"]
[PlyCount "63"]
[EventDate "2023.05.03"]
[EventType "swiss"]
[EventRounds "9"]
[EventCountry "ESP"]
[SourceTitle "Ajedrez en Madrid"]
[Source "lmi"]
[SourceDate "2023.05.03"]
[SourceVersion "1"]
[SourceVersionDate "2023.05.10"]
[SourceQuality "1"]

1. e4 c5 2. c3 Nf6 3. e5 Nd5 4. d4 cxd4 5. Nf3 Nc6 6. cxd4 d6 7. Bc4 Nb6 8. Bb5
dxe5 9. Nxe5 Bd7 10. Nxd7 Qxd7 11. Nc3 e6 12. O-O Rd8 13. Qh5 a6 14. Bxc6 bxc6
15. Rd1 Nd5 16. Ne4 Be7 17. Bg5 Rb8 18. Bxe7 Qxe7 19. Qe2 O-O 20. Nc5 Qg5 21.
Nd7 Nf4 22. Qf3 Rxb2 23. Nxf8 Kxf8 24. h4 Qxh4 25. Qa3+ Ke8 26. Qxb2 Qg4 27.
Qb8+ Kd7 28. g3 Nh3+ 29. Kg2 g5 30. f3 Nf4+ 31. Qxf4 gxf4 32. fxg4 1-0

[Event "Madrid ch 2022-2023 Semifinal"]
[Site "Madrid ESP"]
[Date "2023.05.07"]
[Round "5.6"]
[White "Vioque Gonzalez, Nicolas"]
[Black "Ruiz Vazquez, Javier"]
[Result "0-1"]
[WhiteElo "2081"]
[BlackElo "1983"]
[PlyCount "124"]
[EventDate "2023.05.03"]
[EventType "swiss"]
[EventRounds "9"]
[EventCountry "ESP"]
[SourceTitle "Ajedrez en Madrid"]
[Source "lmi"]
[SourceDate "2023.05.03"]
[SourceVersion "1"]
[SourceVersionDate "2023.05.10"]
[SourceQuality "1"]

1. d4 d5 2. Nc3 Bf5 3. Bg5 Nf6 4. Bxf6 exf6 5. e3 c6 6. Bd3 Bxd3 7. Qxd3 Qb6 8.
O-O-O Bb4 9. Nge2 Qa6 10. Qf5 Nd7 11. e4 g6 12. Qf3 dxe4 13. Qxe4+ Kf8 14. h4
f5 15. Qf3 h5 16. Rhe1 Nf6 17. Qf4 Re8 18. a3 Be7 19. Ng3 Qa5 20. d5 cxd5 21.
Qe5 Bd8 22. Qf4 Rxe1 23. Rxe1 Ne4 24. Ngxe4 dxe4 25. f3 Bf6 26. Re3 Be5 27. Qg5
Kg7 28. f4 Bd4 29. Rh3 Bf6 30. Qg3 Rc8 31. Nd1 Rd8 32. Qf2 Qd5 33. Qe2 Qa2 34.
c3 b5 35. Ne3 Rd3 36. Nd1 Rd8 37. Ne3 a6 38. Nc2 Qe6 39. Rh1 Qd6 40. g3 Qd3 41.
Qxd3 Rxd3 42. Rg1 a5 43. Ne1 Rd6 44. Nc2 Kf8 45. Rd1 Ke7 46. Ne3 Rxd1+ 47. Kxd1
Kd6 48. Kd2 Bd8 49. Nf1 Bb6 50. Ke2 Kd5 51. Nd2 a4 52. Kd1 Bf2 53. Nf1 e3 54.
Ke2 Ke4 55. Nh2 Bxg3 56. Nf3 Bxf4 57. Nd4 Be5 58. Nf3 Bf6 59. Ne1 Bxh4 60. Nc2
f4 61. Nd4 Bf6 62. Nxb5 f3+ 0-1

[Event "Madrid ch 2022-2023 Semifinal"]
[Site "Madrid ESP"]
[Date "2023.05.07"]
[Round "5.7"]
[White "Moreno Lopez, Avelino"]
[Black "Lozano Freras, Sergio"]
[Result "1-0"]
[WhiteElo "2008"]
[BlackElo "1971"]
[PlyCount "75"]
[EventDate "2023.05.03"]
[EventType "swiss"]
[EventRounds "9"]
[EventCountry "ESP"]
[SourceTitle "Ajedrez en Madrid"]
[Source "lmi"]
[SourceDate "2023.05.03"]
[SourceVersion "1"]
[SourceVersionDate "2023.05.10"]
[SourceQuality "1"]

1. d4 Nf6 2. c4 d6 3. Nc3 g6 4. e4 Bg7 5. Nf3 O-O 6. Be2 Na6 7. h4 e5 8. dxe5
dxe5 9. O-O Nc5 10. Qc2 c6 11. b3 Bg4 12. Bb2 Ne6 13. Na4 Nd7 14. Rad1 Qe7 15.
Ng5 Bxe2 16. Qxe2 Nd4 17. Qd3 Rad8 18. Rfe1 h6 19. Nf3 Nxf3+ 20. Qxf3 Qxh4 21.
Rd6 Nb6 22. Rxd8 Rxd8 23. Nc5 Rd2 24. Bc3 Rxa2 25. Nxb7 Qe7 26. Na5 h5 27. Nxc6
Qc7 28. Nb4 Ra3 29. Bb2 Ra5 30. Rd1 Bf8 31. Nd3 Nd7 32. Qg3 Bg7 33. Nb4 Nb6 34.
Qg5 Qc5 35. Nd5 Ra2 36. Nf6+ Kf8 37. Nd7+ Nxd7 38. Qd8# 1-0

[Event "Madrid ch 2022-2023 Semifinal"]
[Site "Madrid ESP"]
[Date "2023.05.07"]
[Round "5.8"]
[White "Centeno Mendoza, Julio Stefano"]
[Black "Perdomo Araujo, Angel Eduardo"]
[Result "1-0"]
[WhiteElo "2148"]
[BlackElo "2027"]
[PlyCount "55"]
[EventDate "2023.05.03"]
[EventType "swiss"]
[EventRounds "9"]
[EventCountry "ESP"]
[SourceTitle "Ajedrez en Madrid"]
[Source "lmi"]
[SourceDate "2023.05.03"]
[SourceVersion "1"]
[SourceVersionDate "2023.05.10"]
[SourceQuality "1"]

1. e4 d5 2. exd5 Qxd5 3. Nc3 Qd6 4. Nf3 Nf6 5. d4 c6 6. Be2 Bg4 7. h3 Bxf3 8.
Bxf3 e6 9. O-O Be7 10. Ne2 Qc7 11. c3 O-O 12. Qb3 Nbd7 13. Bf4 Qc8 14. Rad1 Rd8
15. Rfe1 Nf8 16. Bg3 Ng6 17. Nf4 Bd6 18. Nxe6 Rd7 19. Bxd6 Rxd6 20. Nc5 b6 21.
Nd3 Nh4 22. Be4 Nxe4 23. Rxe4 Ng6 24. Rde1 c5 25. Ne5 Re6 26. Nxg6 c4 27. Qb5
a6 28. Qd5 1-0

[Event "Madrid ch 2022-2023 Semifinal"]
[Site "Madrid ESP"]
[Date "2023.05.07"]
[Round "5.9"]
[White "Tenorio Garcia, Joel"]
[Black "Estevez Sacristan, Deva"]
[Result "1/2-1/2"]
[WhiteElo "2100"]
[BlackElo "1978"]
[PlyCount "93"]
[EventDate "2023.05.03"]
[EventType "swiss"]
[EventRounds "9"]
[EventCountry "ESP"]
[SourceTitle "Ajedrez en Madrid"]
[Source "lmi"]
[SourceDate "2023.05.03"]
[SourceVersion "1"]
[SourceVersionDate "2023.05.10"]
[SourceQuality "1"]

1. e4 c5 2. Nf3 g6 3. d4 cxd4 4. Nxd4 Nc6 5. Nc3 Bg7 6. Be3 Nf6 7. Bc4 Qa5 8.
O-O O-O 9. Bb3 d6 10. h3 Bd7 11. Re1 Nxd4 12. Bxd4 Bc6 13. Nd5 Bxd5 14. exd5
Rfe8 15. Qf3 Nd7 16. Bxg7 Kxg7 17. Re3 b5 18. Rae1 Qb4 19. c3 Qh4 20. Re4 Qg5
21. Qe2 Nf6 22. Re3 a6 23. Qd3 Nd7 24. Qd4+ Kg8 25. h4 Qf5 26. Rf3 Qh5 27. Bd1
Qh6 28. h5 Rac8 29. b3 Qg7 30. hxg6 hxg6 31. Qd2 Rc5 32. Rfe3 Nf6 33. Bf3 Kf8
34. Qd4 Nxd5 35. Qxg7+ Kxg7 36. Bxd5 Rxd5 37. Rxe7 Rxe7 38. Rxe7 Rd1+ 39. Kh2
Rd2 40. a4 Rb2 41. a5 Rxb3 42. Ra7 Rxc3 43. Rxa6 Ra3 44. Rxd6 Rxa5 45. Rb6 Ra2
46. Rxb5 Rxf2 47. Kg3 1/2-1/2

[Event "Madrid ch 2022-2023 Semifinal"]
[Site "Madrid ESP"]
[Date "2023.05.07"]
[Round "5.10"]
[White "Ruiz Bellon, Manuel"]
[Black "Rodriguez Melendez, Juan Humbert"]
[Result "1-0"]
[WhiteElo "1944"]
[BlackElo "2069"]
[PlyCount "81"]
[EventDate "2023.05.03"]
[EventType "swiss"]
[EventRounds "9"]
[EventCountry "ESP"]
[SourceTitle "Ajedrez en Madrid"]
[Source "lmi"]
[SourceDate "2023.05.03"]
[SourceVersion "1"]
[SourceVersionDate "2023.05.10"]
[SourceQuality "1"]

1. Nf3 c5 2. g3 g6 3. Bg2 Bg7 4. c4 Nc6 5. Nc3 e6 6. e3 Nge7 7. d4 cxd4 8. Nxd4
a6 9. Nxc6 bxc6 10. e4 O-O 11. O-O d6 12. Bf4 e5 13. Be3 Be6 14. Qa4 Qc7 15.
Rad1 a5 16. Rd2 Rab8 17. a3 Rfd8 18. Rfd1 Bg4 19. f3 Be6 20. Bf1 Rd7 21. b4
axb4 22. axb4 Qb7 23. Rxd6 Rxd6 24. Rxd6 Bf8 25. Bc5 Ra8 26. Qd1 Qc7 27. Rd2 f6
28. Kg2 Kf7 29. Na4 h5 30. Bd6 Qa7 31. Nc5 Bh6 32. f4 exf4 33. gxf4 Bc8 34. Rf2
Qa3 35. f5 Bf8 36. fxg6+ Kxg6 37. Kh1 Qe3 38. Rg2+ Kh6 39. Be2 Ra2 40. Qf1 f5
41. Bf4+ 1-0

[Event "Madrid ch 2022-2023 Semifinal"]
[Site "Madrid ESP"]
[Date "2023.05.07"]
[Round "5.11"]
[White "Marin Aso, Jose Luis"]
[Black "Pastor Alonso De Prado, Alberto"]
[Result "1-0"]
[WhiteElo "1864"]
[BlackElo "2055"]
[PlyCount "61"]
[EventDate "2023.05.03"]
[EventType "swiss"]
[EventRounds "9"]
[EventCountry "ESP"]
[SourceTitle "Ajedrez en Madrid"]
[Source "lmi"]
[SourceDate "2023.05.03"]
[SourceVersion "1"]
[SourceVersionDate "2023.05.10"]
[SourceQuality "1"]

1. e4 c6 2. d4 d5 3. e5 Bf5 4. h4 h5 5. Bd3 Bxd3 6. Qxd3 e6 7. Bg5 Qa5+ 8. Nd2
c5 9. c4 dxc4 10. Qxc4 Nc6 11. Ngf3 b5 12. Qe2 Nge7 13. dxc5 Nd5 14. O-O Bxc5
15. Rac1 Qb6 16. Ne4 Be7 17. Nc3 Nxc3 18. Rxc3 Bxg5 19. Nxg5 Rf8 20. Qf3 Rc8
21. Rfc1 Kd7 22. Nxf7 Nd4 23. Qxh5 Rxc3 24. bxc3 Nf5 25. Ng5 Ng3 26. Qd1+ Kc8
27. Nf3 Rf4 28. Qd2 Re4 29. Rd1 Re2 30. Qd7+ Kb8 31. Qe8+ 1-0